000 00890nam a2200205Ii 4500
003 JO-AjNU
008 230605s9999||||xx |||||||||||||| ||und||
040 _aJO-AjNU
_bara
_erda
_cJO-AjNU
041 _aara
050 1 4 _aKMM467.3.2006
100 3 _aاعداد المكتب الفني بادارة ابراهيم ابو رحمة ,
_eauthor
_943759
245 0 0 _aقانون أصول المحاكمات الجزائية رقم 19 لسنة 1961 في صيغته المعدلة بالقانون رقم 15 لسنة 2006 : قانون محكمة الجنايات الكبرى رقم 19 لسنة 1986
250 _a(د،ط)
264 3 1 _aعمان : نقابة المحامين ، 2006
300 _a113ص
336 _atext
_btxt
_2rdacontent
337 _aunmediated
_bn
_2rdamedia
338 _avolume
_bnc
_2rdacarrier
650 4 _aالمحاكمات الجنائية -- الاردن
_943760
999 _aA18835
_c22403
_d22403